1107 1577 1983 1219 1912 1697 1477 1803 1816 1435 1515 1372 1492 1775 1187 1352 1232 1684 1668 1329 1160 1316 1139 1971 1613 1159 1140 1098 1914 1269 1970 1396 1549 1416 1984 1796 1772 1782 1231 1866 1157 1973 1556 1931 1944 1570 1821 1115 1045 1587 1277 1173 1496 1960 1708 1572 1850 1163 1615 1876 1294 1472 1412 1486 1120 1487 1456 1447 1615 1680 1231 1187 1796 1488 1444 1970 1809 1855 1029 1678 1413 1548 1825 1822 1402 1761 1755 1715 1298 1962 1566 1482 1372 1595 1676 1552 1438 1959 1095 BCNSPRNW ULIB Ver.6.0+V

เปลี่ยนเป็นภาษาไทย

Change to English
 แสดงรายละเอียดบรรณานุกรม
  กลับหน้าหลัก

Brief Record : Get Marc (ISO 2709) : E-mail record : QR code < ปิดหน้าต่าง
LEADER : 00000nam 2200000uu 4500
001    13399113629
003     ULIB
008    111128s2552||||th 000 0 tha d
020    ^a9786110600255
090    ^aนว.^bL111K 2552
100 0  ^aเตี่ยนซิน
245 00 ^aดวงใจบ่มรัก/^cเตี่ยนซิน
250    ^aพิมพ์ครั้งที่ 1
260    ^aกรุงเทพฯ :^bแจ่มใส,^c2552
300    ^a209 หน้า
700 0  พวงหยก ;^eแปล
710 1  ^aแจ่มใส
945    ^p149^l0^i16427
995    ^aทศพร
999    ^aใช้งานได้ทุกระบบ
รายการนี้ยังไม่มีแท็ก
คุณยังไม่ได้ล็อกอิน คุณสามารถมีกิจกรรมร่วมกับเว็บไซต์ได้ แต่ต้องล็อกอินก่อน ::
  ล็อกอิน

รายการสื่อสารสนเทศ

ลำดับที่ ประเภท เลขเรียก/บาร์โค้ด สถานที่ สถานะ
1. นวนิยาย
นวนิยาย
นว. L111K 2552 ฉ.1 
  Barcode: 16427
ห้องสมุดวิทยาเขตสวรรค์ประชารักษ์
►นวนิยาย
บนชั้น
  ขอยืม

รายการใกล้เคียง
    ผู้แต่ง [เตี่ยนซิน]

BibComment


ยังไม่เคยถูกคอมเมนท์

คอมเมนท์ทรัพยากรรายการนี้
  คอมเมนท์: ดวงใจบ่มรัก เตี่..


 Copyright 2026. Bcnsprnw @Library